Xenophon Memorabiliáinak paedagogiai [!pedagógia] jelentősége

Elmentve itt :
Bibliográfiai részletek
Szerző: Frankl István
Dokumentumtípus: Cikk
Megjelent: 1899
Sorozat:Magyar pedagógia : a Magyar Tudományos Akadémia Pedagógiai Bizottságának folyóirata 8
Kulcsszavak:Xenophon Ephesiakos, Filozófia ókori görög i. e. 5. sz., Xenophon
Online Access:http://misc.bibl.u-szeged.hu/7502
LEADER 00726nab a2200181 i 4500
001 misc7502
005 20191106144149.0
008 170607s1899 hu o 0|| hun d
022 |a 0025-0260 
040 |a SZTE Miscellanea Repozitórium  |b hun 
041 |a hun 
100 1 |a Frankl István 
245 1 0 |a Xenophon Memorabiliáinak paedagogiai [!pedagógia] jelentősége  |h [elektronikus dokumentum] /  |c  Frankl István 
260 |c 1899 
300 |a 223-237 
490 0 |a Magyar pedagógia : a Magyar Tudományos Akadémia Pedagógiai Bizottságának folyóirata  |v 8 
695 |a Xenophon Ephesiakos, Filozófia ókori görög i. e. 5. sz., Xenophon 
856 4 0 |u http://misc.bibl.u-szeged.hu/7502/1/mp_1899_0601_223-237.pdf  |z Dokumentum-elérés